| 000 | 00660nam a2200229 a 4500 | ||
|---|---|---|---|
| 001 | BRCA_5641 | ||
| 005 | 20190320205150.0 | ||
| 008 | 220211s1930----ne-a######---#000-0#dut-# | ||
| 041 | _adut | ||
| 044 | _ane | ||
| 050 | 4 |
_aND195 _b.C65 1930 |
|
| 245 | 1 | 0 |
_aCollectie P. de Boer _bCatalogus No. 2 _cGalerie Hans Bammann. |
| 260 |
_aAmsterdam _bHeerengracht _c1930 |
||
| 300 |
_a1 v. (sin paginación) _bil., 76 láminas _c36 cm. |
||
| 500 | _aF119 | ||
| 650 | 1 | 4 |
_aPintura _zAlemania _914348 |
| 650 | 1 | 4 |
_aColeccionistas y colecciones _914349 |
| 650 | 1 | 4 |
_aGalerías y museos _914022 |
| 710 | 2 |
_aGalerie Hans Bammann _914350 |
|
| 902 | _aGFM | ||
| 942 |
_2lcc _cB |
||
| 999 |
_c5335 _d5335 |
||